[Event "SRB-chT 2nd League"]
[Site "Vrnjacka Banja"]
[Date "2022.11.07"]
[Round "5.3"]
[White "Stankovic, Milos M"]
[Black "Ubiparip, Zivko"]
[Result "1/2-1/2"]
[WhiteElo "2170"]
[BlackElo "2146"]
[PlyCount "120"]
[EventDate "2022.11.04"]
[EventType "team-tourn"]
[EventRounds "11"]
[EventCountry "SRB"]
[SourceTitle "CBM 211 Extra"]
[Source "ChessBase"]
[SourceDate "2023.01.31"]
[SourceVersion "1"]
[SourceVersionDate "2023.01.31"]
[SourceQuality "1"]
[WhiteTeam "Nova Pazova Mladost"]
[BlackTeam "Petrovaradin Kraljica"]
[WhiteTeamCountry "SRB"]
[BlackTeamCountry "SRB"]

1. d4 Nf6 2. c4 c5 3. d5 b5 4. cxb5 a6 5. bxa6 g6 6. Nc3 Bxa6 7. e4 Bxf1 8. Kxf1 d6 9. Nf3 Nbd7 10. g3 Bg7 11. Kg2 0-0 12. a4 Ra6 13. Qc2 Qa8 14. Nb5 Qb7 15. Bg5 h6 16. Bxf6 Bxf6 17. Ra2 Bg7 18. b3 Rc8 19. Nd2 f5 20. Nc4 Nf6 21. f3 fxe4 22. fxe4 Nxd5 23. exd5 Qxd5+ 24. Kg1 Rf8 25. Ne3 Qf7 26. Qc4 e6 27. Qf1 Qd7 28. Rf2 Raa8 29. h3 d5 30. Kh2 e5 31. Ng4 Qc6 32. Qe2 Rxf2+ 33. Nxf2 e4 34. Rc1 Re8 35. Qe3 d4 36. Qe2 d3 37. Nxd3 exd3 38. Qxd3 Qf6 39. Rc2 Re1 40. Rd2 Qc6 41. Rg2 Qf6 42. Re2 Rf1 43. Ra2 Kh7 44. Nd6 Rf3 45. Qd5 Qc3 46. Ne4 Qe3 47. a5 Rf1 48. Rg2 Qe1 49. Nf2 Rxf2 50. Qxc5 Rf1 51. Rg1 Rxg1 52. Qxg1 Qxg1+ 53. Kxg1 Be5 54. g4 Bc7 55. a6 Kg7 56. Kg2 Bb6 57. Kf3 Kf6 58. Ke4 Ke6 59. b4 Kd6 60. h4 Kc6 1/2-1/2

[Event "Vojvodina-chT 2nd League"]
[Site "Backa Palanka"]
[Date "2020.10.20"]
[Round "6.4"]
[White "Mikheev, Stanislav Valerievi"]
[Black "Ubiparip, Zivko"]
[Result "1-0"]
[WhiteElo "2291"]
[BlackElo "2151"]
[PlyCount "39"]
[EventDate "2020.10.16"]
[EventType "team-tourn"]
[EventRounds "11"]
[EventCountry "SRB"]
[SourceTitle "EXT 2022"]
[Source "ChessBase"]
[SourceDate "2021.10.06"]
[SourceVersion "1"]
[SourceVersionDate "2021.10.06"]
[SourceQuality "1"]
[WhiteTeam "Novi Sad Vojvodina"]
[BlackTeam "Petrovaradin Kraljica"]
[WhiteTeamCountry "SRB"]
[BlackTeamCountry "SRB"]

1. d4 Nf6 2. c4 c5 3. d5 b5 4. cxb5 a6 5. bxa6 g6 6. Nc3 Bxa6 7. Nf3 d6 8. e4 Bxf1 9. Kxf1 Bg7 10. g3 0-0 11. Kg2 Nbd7 12. a4 Ra6 13. Qe2 Qa8 14. Nb5 Rc8 15. Re1 Nb6 16. Nc3 e6 17. dxe6 fxe6 18. e5 dxe5 19. Qxe5 Nbd5 20. Qe2 1-0

[Event "Vojvodina-chT"]
[Site "Kovacica"]
[Date "2019.11.05"]
[Round "6.6"]
[White "Babic, Damir M"]
[Black "Ubiparip, Zivko"]
[Result "0-1"]
[WhiteElo "2103"]
[BlackElo "2144"]
[PlyCount "92"]
[EventDate "2019.11.01"]
[EventType "team-tourn"]
[EventRounds "11"]
[EventCountry "SRB"]
[SourceTitle "CBM 192 Extra"]
[Source "Chessbase"]
[SourceDate "2019.11.06"]
[SourceVersion "1"]
[SourceVersionDate "2019.11.06"]
[SourceQuality "1"]
[WhiteTeam "Rastina Polet"]
[BlackTeam "Petrovaradin Kraljica"]
[WhiteTeamCountry "SRB"]
[BlackTeamCountry "SRB"]

1. d4 Nf6 2. c4 c5 3. d5 b5 4. cxb5 a6 5. bxa6 g6 6. Nc3 Bxa6 7. Nf3 d6 8. h3 Bg7 9. e4 Bxf1 10. Kxf1 Nbd7 11. Kg1 0-0 12. Kh2 Qb6 13. Qe2 Rfb8 14. Nd2 Ne8 15. f4 Nc7 16. Re1 Qa6 17. Qg4 Nf6 18. Qf3 e6 19. g4 exd5 20. g5 Nxe4 21. Ndxe4 dxe4 22. Nxe4 Ne6 23. Nf6+ Bxf6 24. gxf6 Nd4 25. Qd5 Qd3 26. Be3 Rxb2+ 27. Kh1 Rf8 28. Rad1 Qf5 29. Qxf5 Nxf5 30. a3 h5 31. Bc1 Ra2 32. Rd2 Ra1 33. Rd3 Rb8 34. Kg2 Kh7 35. Rdd1 d5 36. Rxd5 Rxc1 37. Rxc1 Ne3+ 38. Kf3 Nxd5 39. Rc4 Rb3+ 40. Ke4 Nxf6+ 41. Ke5 Kg7 42. a4 Rxh3 43. Kd6 Ra3 44. Kc6 h4 45. Kb5 h3 46. Rc2 Ng4 0-1

[Event "Vojvodina-chT 2nd League"]
[Site "Stari Banovci"]
[Date "2013.11.05"]
[Round "2"]
[White "Kolognat, Petar"]
[Black "Ubiparip, Zivko"]
[Result "1-0"]
[WhiteElo "2293"]
[BlackElo "2124"]
[PlyCount "63"]
[EventDate "2013.11.03"]
[EventType "team-tourn"]
[EventRounds "11"]
[EventCountry "SRB"]
[SourceTitle "EXT 2015"]
[Source "ChessBase"]
[SourceDate "2014.11.20"]
[SourceVersion "1"]
[SourceVersionDate "2014.11.20"]
[SourceQuality "1"]

1. e4 d6 2. d4 Nf6 3. Nc3 e5 4. f4 exd4 5. Qxd4 Nc6 6. Bb5 Bd7 7. Qd3 g6 8. Nf3 Bg7 9. a3 0-0 10. 0-0 Na5 11. Bxd7 Nxd7 12. Be3 Nf6 13. Rae1 a6 14. h3 b5 15. b3 Re8 16. Bf2 Nh5 17. Nd5 c6 18. Bb6 Qb8 19. Bxa5 cxd5 20. Nd2 d4 21. g3 Nf6 22. Rf2 Nd7 23. Kh2 Qc8 24. Bb4 Qc6 25. a4 bxa4 26. bxa4 Rac8 27. Nb3 f5 28. exf5 Qxa4 29. Rxe8+ Rxe8 30. Bxd6 Re1 31. Re2 Rb1 32. Qe4 1-0

[Event "Vojvodina-chT"]
[Site "Pancevo"]
[Date "2005.10.06"]
[Round "5"]
[White "Terzin, Igor"]
[Black "Ubiparip, Zivko"]
[Result "1/2-1/2"]
[WhiteElo "2208"]
[BlackElo "2146"]
[PlyCount "56"]
[EventDate "2005.10.03"]
[EventType "team"]
[EventRounds "9"]
[EventCountry "YUG"]
[SourceTitle "CBM 108 Extra"]
[Source "ChessBase"]
[SourceDate "2005.11.04"]
[SourceVersion "1"]
[SourceVersionDate "2005.11.04"]
[SourceQuality "1"]

1. e4 e5 2. Nf3 Nc6 3. Bc4 Bc5 4. b4 Bxb4 5. c3 Be7 6. d4 Na5 7. Nxe5 Nxc4 8. Nxc4 d5 9. exd5 Qxd5 10. Ne3 Qa5 11. 0-0 Nf6 12. c4 c6 13. Qb3 0-0 14. Nc3 Qh5 15. Ba3 Bxa3 16. Qxa3 Be6 17. d5 cxd5 18. cxd5 Bxd5 19. Ncxd5 Nxd5 20. Nxd5 Qxd5 21. Rfd1 Qe5 22. Rab1 Rfe8 23. g3 Qe4 24. Rb4 Qc2 25. Rc1 Qd2 26. Rxb7 h5 27. Rf1 a5 28. Qb3 Re6 1/2-1/2

[Event "Vojvodina-chT"]
[Site "Pancevo"]
[Date "2005.10.06"]
[Round "6"]
[White "Ubiparip, Zivko"]
[Black "Kitic, Dusan"]
[Result "0-1"]
[WhiteElo "2146"]
[BlackElo "2263"]
[PlyCount "80"]
[EventDate "2005.10.03"]
[EventType "team"]
[EventRounds "9"]
[EventCountry "YUG"]
[SourceTitle "CBM 108 Extra"]
[Source "ChessBase"]
[SourceDate "2005.11.04"]
[SourceVersion "1"]
[SourceVersionDate "2005.11.04"]
[SourceQuality "1"]

1. Nf3 Nf6 2. c4 g6 3. Nc3 Bg7 4. e4 d6 5. d4 0-0 6. Be2 e5 7. 0-0 Nc6 8. d5 Ne7 9. Ne1 Nd7 10. Be3 f5 11. f3 f4 12. Bf2 g5 13. a4 Nf6 14. a5 Ng6 15. c5 Rf7 16. cxd6 cxd6 17. Nb5 g4 18. Nxa7 g3 19. Bb6 gxh2+ 20. Kxh2 Qe7 21. Nxc8 Rxc8 22. Rc1 Rxc1 23. Qxc1 Nh5 24. Qc8+ Rf8 25. Qe6+ Qxe6 26. dxe6 Ng3 27. Rf2 Ne7 28. Bc4 Rf6 29. Rd2 Rh6+ 30. Kg1 Rh1+ 31. Kf2 Bf6 32. Bd8 Bh4 33. Nc2 Nxe4+ 34. Ke2 Nxd2 35. Kxd2 d5 36. Ba2 d4 37. b4 d3 38. Na3 Ra1 39. Bc4 Be1+ 40. Kxd3 Rxa3+ 0-1